000
00298nam a22001337a 4500
008
180112b xxu||||| |||| 00| 0 eng d
020
_a
39850033644736
041
_a
eng
080
_a
52
100
_a
42
101
_a
AST
245
_a
The new book of popular science
_c
GROLIER
942
_2
udc
_c
BK
999
_c
40218
_d
40218